000 00669nam a22002297a 4500
001 82157
003 BD-RjUL
005 20231018151501.0
008 231018s2010 ii ||||| |||| 00| 0 eng d
020 _a9788131731499
035 _a(BD-RjUL)82157
040 _aBD-RjUL
_beng
_cBD-RjUL
041 _aeng
082 _223
_a339
_bAGM 2010
100 _aAgarwal, Vanita
_99677
245 _aMacroeconomics :
_btheory and policy /
_cVanita Agarwal
260 _aNew Delhi :
_bDorling Kindersley,
_c2010
300 _a400 pages:
_billustrations;
_c24 cm.
504 _aIncludes bibliographical references and index.
650 _aMacroeconomics
_92658
942 _2ddc
_cBK
999 _c82157
_d82157